Gender studies and policy review (Record no. 103675)
[ view plain ]
| 000 -LEADER | |
|---|---|
| fixed length control field | 00476nam a22001457a 4500 |
| 005 - DATE AND TIME OF LATEST TRANSACTION | |
| control field | 20160927124323.0 |
| 008 - FIXED-LENGTH DATA ELEMENTS--GENERAL INFORMATION | |
| fixed length control field | 160927b xxu||||| |||| 00| 0 eng d |
| 022 ## - INTERNATIONAL STANDARD SERIAL NUMBER | |
| International Standard Serial Number | 2005-5919 |
| 245 ## - TITLE STATEMENT | |
| Title | Gender studies and policy review |
| 260 ## - PUBLICATION, DISTRIBUTION, ETC. (IMPRINT) | |
| Place of publication, distribution, etc | Seoul |
| Name of publisher, distributor, etc | Korean Women's Development Institute |
| Date of publication, distribution, etc | 2016 |
| 300 ## - PHYSICAL DESCRIPTION | |
| Extent | v. |
| Dimensions | 24cm |
| 310 ## - CURRENT PUBLICATION FREQUENCY | |
| Current publication frequency | three volumes (year) |
| 270 ## - ADDRESS | |
| Address | 225 Jinheung-ro, Eunpyeong-gu, |
| Country | Korea |
| Telephone number | 82.2.3156.7000 |
| Fax number | 82.2.3156.7007 |
| City | Seoul |
| Postal code | 03367 |
| 942 ## - ADDED ENTRY ELEMENTS (KOHA) | |
| Source of classification or shelving scheme | Dewey Decimal Classification |
| Item type | Periodicals |
| Call number suffix | GEN |
| Serial record | 1 |
| Withdrawn status | Lost status | Source of classification or shelving scheme | Damaged status | Not for loan | Collection code | Home library | Current library | Date acquired | Source of acquisition | Total Checkouts | Full call number | Date last seen | Price effective from | Koha item type |
|---|---|---|---|---|---|---|---|---|---|---|---|---|---|---|
| Dewey Decimal Classification | Not For Loan | Non-fiction | D.B.Act.Division | D.B.Act.Division | 27/09/2016 | DBAD/PUB | GEN | 27/09/2016 | 27/09/2016 | Periodicals |
